Introducción al derecho : Nociones preliminares. Teoría general. Enciclopedia jurídica. Historia de las ideas /

Guardado en:
Autor Principal: Aftalión, Enrique R.
Otros Autores: García Olano, Fernando, Vilanova, José
Formato: Libro
Idioma:Spanish
Publicado: Buenos Aires : El Ateneo, 1960
Edición:6ª ed.
Materias:
Etiquetas: Agregar Etiqueta
Sin Etiquetas, Sea el primero en etiquetar este registro!
LEADER 00899nam a22002535a 4500
001 DER.der013588
008 180615s1960####ag#||||||||||||||#||spa||
005 20210303090914.0
245 1 0 |a Introducción al derecho :  |b Nociones preliminares. Teoría general. Enciclopedia jurídica. Historia de las ideas /  |c Enrique R. Aftalión , Fernando García Olano, José Vilanova 
250 |a 6ª ed. 
260 |a Buenos Aires :  |b El Ateneo,  |c 1960 
300 |a 919 p. 
500 |a Material en mal estado 
100 1 |a Aftalión, Enrique R. 
700 1 |a García Olano, Fernando 
700 1 |a Vilanova, José 
653 |a INTRODUCCION AL DERECHO 
653 |a NORMA JURIDICA 
653 |a CONCEPTOS DE DERECHO 
653 |a PENSAMIENTOS JURIDICOS 
653 |a FUENTES DEL DERECHO 
653 |a TEORIA GENERAL DEL DERECHO 
653 |a METODO JURIDICO 
859 |a DERECHO  |b BIB. DERECHO  |h 340.11  |i AFT  |k 1.01  |p 008615